Pingui Adventures Quiz - Statistiques

Statistiques générales
  • Ce quiz a été pris 8 fois
  • Le résultat moyen est 10 sur 15
Statistiques - réponses
Question Réponse % Correct
Qui est le boss des Wiféclairs ? Antonerre
100%
Comment s'appelle le féros de l'ombre Brachiombre
100%
les parents de pingui sont : Charles et Mary
100%
Qui est l'antagoniste principal ? (chapitre 2) La mort
100%
Triglow a t-il un cerveau Peut-etre
100%
ça aura du succes ? Plus que zelda
100%
Il y a combien de saisons dans le chapitre 1 ? 10
50%
Quelle est le jeu Pingui avec le plus de succès Le 4
50%
L'ours le plus puissant est : Le Café
50%
Qui est l'antagoniste principal ? (chapitre 1) Maitre Leloup
50%
Quel est la saison 5 ? Mer
50%
Pourquoi pingui pars de son village ? Pour retrouver ses parents
50%
Les créateurs de Pingui sont : Triglow et CamCamLeVrai
50%
Comment s'appelle le frere et la soeur de Pingui Zozo & Zaza
50%
Pingui est sur quelle plateforme ? Scratch
0%
Aucun quiz correspondant
Distribution des résultats
% des personnes avec chaque résultat
Percentile par nombre de réponses
Votre historique - résultats
Vous n’avez pas pris ce quiz